000 00357nam a2200133Ia 4500
008 210210b1998 xxu||||| |||| 00| 0 eng d
082 _a823.91 CONC
100 _aCONAN DOYLE (Arthur).
245 _aComplete long stories of Sherloc Holmes.
260 _aN D
_bJaico Publishing House
_c1998
300 _a346
690 _aEnglish Fiction
906 _a053444
999 _c101720
_d101720